Fethi Okyar'ın anıları (Record no. 11772)

MARC details
000 -BAŞLIK
Sabit Uzunlukta Kontrol Alanı 01047na a2200325 4500
001 - KONTROL NUMARASI
Denetim Alanı 24570
003 - KONTROL NUMARASI IDENTIFIER
Denetim Alanı MIRAKIL
005 - SON İŞLEM TARİHİ VE ZAMANI
Denetim Alanı 20181226104233.0
008 - SABİT-BOY VERİ ELEMANLARI - GENEL BİLGİLER
Sabit Uzunlukta Kontrol Alanı 181206b tu 000 0
020 ## - ULUSLARARASI STANDART KİTAP NUMARASI
Uluslararası Standart Kitap Numarası 9754580952
035 ## - SİSTEM KONTROL NUMARASI
Sistem Kontrol Numarası 13840
041 ## - DİL KODU
Metin / Ses Parça Veya Ayrı Başlığın Dil Kodu tur
082 ## - DEWEY ONLU SINIFLANDIRMA NUMARASI
Sınıflandırma Numarası 923.156
Ürün Numarası O69f 1999
090 ## - SINIFLAMA NUMARASI
Sınıflama Numarası 923.156 O69f 1999
100 ## - ANA GİRİŞ - KİŞİSEL İSİM
Kişisel Ad Okyar, Osman
245 ## - BAŞLIK TABLOSU
Başlık Fethi Okyar'ın anıları
Başlığın Kalan Atatürk-Okyar ve çok partili Türkiye
Sorumluluk Tablosu, Vb Osman Okyar, Mehmet Seyitdanlıoğlu
246 ## - UNVAN FORM VARYING
Başlık Doğru / Kısa Başlığı Atatürk-Okyar ve çok partili Türkiye
260 ## - YAYIN, DAĞITIM, VB
Yayın, Dağıtım, Vb Yeri Ankara
Yayıncı, Dağıtıcı, Vs Adı Türkiye iş bankası kültür yayınları
Yayın, Dağıtım, Vb Tarihi 1999
300 ## - FİZİKSEL TANIM
Kapsam 238 s.
Boyutlar 19 sm.
490 ## - SERİSİ TABLOSU
Seri Beyanı Ünlü Kişiler Dizisi
Hacim / Ardışık Tanımı 16
490 ## - SERİSİ TABLOSU
Seri Beyanı Türkiye İş Bankası Kültür yayınları
Hacim / Ardışık Tanımı 365
504 ## - KAYNAKÇA VB NOT
Kaynakça Vb Notu Dizin var.
600 ## - KONU KATMA GİRİŞ - KURUMSAL ADI
Kişisel Ad Fethi Okyar
Bir Adıyla İlişkilendirilen Tarihler 1880-1943
600 ## - KONU KATMA GİRİŞ - KURUMSAL ADI
Kişisel Ad Atatürk, Mustafa Kemal
Bir Adıyla İlişkilendirilen Tarihler 1881-1938
Genel Alt Bölümü Anılar
650 ## - KONU KATMA GİRİŞ - TOPİKAL DÖNEM
Topikal Süreli Veya Coğrafi Ad Giriş Elemanı Siyasal partiler
650 ## - KONU KATMA GİRİŞ - TOPİKAL DÖNEM
Topikal Süreli Veya Coğrafi Ad Giriş Elemanı Serbest Cumhuriyet Fırkası
Genel Alt Bölümü Anılar
700 ## - KATMA GİRİŞ - KİŞİSEL İSİM
Kişisel Ad Seyitdanlıoğlu, Mehmet
942 ## - EKLENDİ GİRİŞ ELEMANLARI (KOHA)
Sınıflandırma Veya Raf Düzeni Kaynak Dewey Decimal Classification
Koha Öğesi Türü Books
040 ## - KATALOGLAMA KAYNAK
Orijinal Kataloglama Ajansı Milas
Kataloglama Dili tur
Metne Dönüştürmek Ajansı TR-AnCHP
999 ## - SİSTEM KONTROL NUMARALARI (KOHA)
Koha Biblionumber 11772
Koha Biblioitemnumber 11772
Holdings
Kullanım Kısıtlamaları Kalıcı Konum Mevcut Konum Edinme Tarihi Toplam Check-Out'Lar Tam Çağrı Numarası Barkod Tarih Son Görülme İtibaren Geçerli Fiyatlar Sigara Kamu Notu Koha Öğesi Türü
  Parti Okulu Kütüphanesi Parti Okulu Kütüphanesi 12/06/2018   923.156 O69f 1999 P00261 12/06/2018 12/06/2018 Ertuğrul Çepni Books
  Parti Okulu Kütüphanesi Parti Okulu Kütüphanesi 07/08/2021   923.156 O69f 1999 P00812 07/08/2021 07/08/2021 Emin Değer Bağışıdır. Books
  Parti Okulu Kütüphanesi Parti Okulu Kütüphanesi 10/26/2021   923.156 O69f 1999 P00892 10/26/2021 10/26/2021 Emin Değer Bağışıdır. Books